Norwegian players in Premier League (2000-) - Statistics

General Stats
  • This quiz has been taken 92 times
  • The average score is 21 of 57
Answer Stats
Ranking Player Positions Nationality Matches Goals (assists) Periods Clubs % Correct
23 Alf-Inge Haaland DF, MF 35 3 (1) 2000-2001
100%
11 Erling Haaland FW 97 85 (16) 2022-2025
100%
6 Martin Ødegaard MF, FW 152 34 (31) 2020-2025
94%
7 Ole Gunnar Solskjær FW 133 43 (21) 2000-2003, 2005-2007
90%
20 Henning Berg DF 51 2 (2) 2000-2003
89%
1 John Arne Riise DF, MF 321 21 (30) 2001-2007, 2011-2014
89%
33 Bjørn Helge Riise MF 15 0 (0) 2009-2011
87%
4 Joshua King MF, FW 204 53 (17) 2015-2022
84%
12 Sander Berge MF 97 3 (4) 2019-2020, 2023-2025
82%
31 Oscar Bobb MF, FW 17 1 (1) 2023-2025
77%
8 John Carew FW 123 38 (10) 2006-2011
75%
22 Jørgen Strand Larsen FW 35 14 (4) 2024-2025
68%
14 Kristoffer Ajer DF 85 3 (4) 2021-2025
68%
3 Brede Hangeland DF 238 10 (3) 2007-2016
65%
2 Morten Gamst Pedersen MF, FW 260 34 (39) 2004-2012
59%
21 Tore André Flo FW 43 7 (4) 2000-2001, 2002-2003
56%
16 Ronny Johnsen DF 73 3 (0) 2000-2005
52%
32 Alexander Sørloth FW 16 0 (0) 2017-2019
49%
10 Alexander Tettey DF, MF 101 4 (1) 2012-2013, 2015-2016, 2019-2020
48%
15 Mohamed Elyounoussi MF, FW 79 5 (3) 2018-2019, 2021-2023
46%
17 Steffen Iversen FW 67 11 (5) 2000-2004
39%
42 Ørjan Nyland GK 7 0 (0) 2019-2020
38%
26 Mathias Normann MF 23 1 (2) 2021-2022
30%
5 Claus Lundekvam DF 170 1 (2) 2000-2005
25%
18 Erik Nevland FW 52 9 (6) 2007-2010
25%
9 Eirik Bakke MF 114 6 (5) 2000-2003, 2005-2006
24%
39 Stefan Johansen MF 12 0 (0) 2018-2019
24%
28 Adama Diomande FW 22 2 (0) 2016-2017
23%
47 Magnus Wolff Eikrem MF, FW 6 0 (1) 2013-2014
22%
48 Vegard Heggem DF, MF 4 0 (0) 2000-2002
22%
52 Leo Fuhr Hjelde DF, MF 2 0 (0) 2021-2022
20%
35 Markus Henriksen DF, MF 15 0 (0) 2016-2017
19%
29 Håvard Nordtveit DF, MF 21 0 (2) 2016-2017, 2018-2019
18%
24 Thomas Myhre GK 29 0 (0) 2000-2001, 2002-2003, 2005-2007
18%
57 Kristoffer Klaesson GK 1 0 (0) 2021-2022
16%
19 Øyvind Leonhardsen MF 51 6 (7) 2000-2003
16%
27 Stig Inge Bjørnebye DF 23 0 (1) 2001-2002
16%
25 Egil Østenstad FW 25 1 (3) 2000-2003
15%
13 Jo Tessem MF 85 8 (2) 2000-2004
15%
56 Jo Inge Berget DF, MF, FW 1 0 (0) 2013-2014
14%
34 Jonathan Parr DF 15 0 (0) 2013-2014
14%
37 Gunnar Halle DF 13 0 (0) 2000-2001
13%
36 Mats Møller Dæhli MF, FW 13 1 (0) 2013-2014
13%
41 Omar Elabdellaoui DF, MF 8 0 (0) 2016-2017
13%
51 Lars Bohinen MF 2 0 (0) 2000-2001
11%
30 Azar Karadas DF, FW 17 1 (0) 2005-2006
10%
44 Daniel Braaten MF, FW 6 1 (0) 2007-2008
10%
54 Erik Hagen DF 1 0 (0) 2007-2008
10%
55 Espen Baardsen GK 1 0 (0) 2002-2003
9%
50 Kristofer Hæstad MF 2 0 (0) 2006-2007
9%
40 Martin Andresen MF, FW 11 0 (0) 2003-2004
9%
53 Abdisalam Ibrahim DF, MF 1 0 (0) 2009-2010
8%
38 Bjørn Otto Bragstad DF 12 0 (1) 2000-2001
8%
49 Fredrik Ulvestad DF, MF 2 0 (0) 2014-2015
6%
43 Ragnvald Soma DF 7 0 (0) 2000-2002
6%
46 Christian Kalvenes DF, MF 6 0 (0) 2009-2010
5%
45 Trond Egil Soltvedt MF 6 1 (0) 2000-2001
5%
No matching quizzes found
Score Distribution
Percent of People with Each Score
Percentile by Number Answered
Your Score History
You have not taken this quiz